The Aztecs of Central Mexico: an imperial society

Salvato in:
Dettagli Bibliografici
Autore principale: Berdan, Frances F (Autore)
Natura: Libro
Lingua:inglese
Pubblicazione: Fort Worth Harcourt Brace College Publishers 1982
Edizione:1a. ed
Soggetti:
Tags: Aggiungi Tag
Nessun Tag, puoi essere il primo ad aggiungerne!!

MARC

LEADER 00000cam a2200000 a 4500
001 UCC4597
003 CL-VaPUC
008 180810e19820000us |||||||||||||||||eng|d
020 |a 0030557364 
082 0 4 |a 972.01  |b BER  |2 21 
100 0 |a Berdan, Frances F  |e author  |9 598788 
245 1 4 |a The Aztecs of Central Mexico: an imperial society 
250 |a 1a. ed 
300 |a 195 p 
942 |c BK 
945 |d 20180810 15:16:00  |a dcastane 
260 |a Fort Worth  |b Harcourt Brace College Publishers  |c 1982 
650 0 |a Aztecas  |9 265930 
650 7 |a IMPERIO AZTECA  |2 CL-VaPUC  |9 452299 
583 |a last modification  |c 20180810 15:16:00  |k Rodrigo Vera 
999 |c 372049  |d 372047 
952 |0 0  |1 0  |3 erb  |4 0  |6 972_010000000000000_BER_1982  |7 0  |8 A  |9 489287  |a BIBEDU  |b BIBEDU  |i 5487587  |o 972.01 BER 1982  |p 5487587  |r 2019-11-24  |w 2019-11-24  |y BK  |z Catalogado en:20180810  |k LIT